| 000 | 01068njm a22002537a 4500 | ||
|---|---|---|---|
| 005 | 20100909143141.0 | ||
| 007 | sd ammalaaahaa | ||
| 008 | 100830t xxu||||| |||| 00| 0 eng d | ||
| 028 |
_aN.55133 _bHis Master's Voice |
||
| 035 | _aGR-01556 | ||
| 040 |
_aSED _cSED |
||
| 100 |
_aMohd Rafi _918698 |
||
| 245 |
_aLove in Tokyo / _csung by Mohd Rafi; Music dtn by Shankar Jaikishen; Lyric by Hasrat Jaipuri _h[sound recording]: |
||
| 246 | _aलव इन टोक्यो / | ||
| 260 |
_aDum Dum, India: _bHis Master 's Voice _c1966 |
||
| 300 |
_a1 sound disc [GramphoneRecording]: _banalog,33.1/3 rpm _c9.5 in.(MP) _fGramphones Records |
||
| 500 | _aBrief Record | ||
| 505 | _aSide 1 आजा रे आ (Aa jaa re aa) (Mohd Rafi) Side 2 कोई मतवाला आया (Koi matvala aaya) (Mohd Rafi). | ||
| 650 |
_xExperts _zIndia _917446 _aMotion picture music |
||
| 700 |
_aJaikishen, Shankar _919190 |
||
| 700 |
_aHasrat Jaipuri _919191 |
||
| 942 |
_2ddc _cGR |
||
| 999 |
_c44836 _d44836 |
||